Southville International School and Colleges
Your cart is empty.
  • Cart
  • Lists
    Public lists Eva Luna New books Lux_list list_1
    Your lists Log in to create your own lists
  • Log in to your account
  • Your cookies
  • Search history
Southville International School and Colleges
  • Advanced search
  • Recent comments
  • Most popular
  • Libraries

Log in to your account

Log in with GOOGLE


If you do not have an external account, but do have a local account, you can still log in:

  1. Home
  2. MARC view: Building an intelligent web :
Normal view MARC view ISBD view

Building an intelligent web : (Record no. 276597)

[ view plain ]
MARC details
000 -LEADER
fixed length control field 00445nam a2200157 a 4500
005 - DATE AND TIME OF LATEST TRANSACTION
control field 20141022142008.0
008 - FIXED-LENGTH DATA ELEMENTS--GENERAL INFORMATION
fixed length control field 120228s19uu xx 00 eng d
050 ## - LIBRARY OF CONGRESS CALL NUMBER
Classification number CD-ROm
Item number Ar3 2008
100 ## - MAIN ENTRY--PERSONAL NAME
Personal name Akerkar, Rajendra
245 ## - TITLE STATEMENT
Title Building an intelligent web :
Remainder of title theory and practice /
Statement of responsibility, etc Akerkar Rajendra, Lingras Pawan.
260 ## - PUBLICATION, DISTRIBUTION, ETC. (IMPRINT)
Date of publication, distribution, etc 2008.
650 ## - SUBJECT ADDED ENTRY--TOPICAL TERM
Topical term or geographic name as entry element Computer studies
650 ## - SUBJECT ADDED ENTRY--TOPICAL TERM
Topical term or geographic name as entry element Web databases
700 ## - ADDED ENTRY--PERSONAL NAME
Personal name Pawan, Lingras
942 ## - ADDED ENTRY ELEMENTS (KOHA)
Koha item type Audio Visual Materials
Holdings
Withdrawn status Lost status Damaged status Home library Current library Shelving location Date acquired Total Checkouts Full call number Barcode Date last seen Price effective from Koha item type
      College Library College Library Audio Visual Material Section 02/28/2012   CD-ROm Ar3 2008 BSBA0005 04/12/2014 04/12/2014 Audio Visual Materials

Building an intelligent web :

APA

Akerkar R., Pawan L., . (2008). Building an intelligent web. : .

Chicago

Akerkar Rajendra, Pawan Lingras, . 2008. Building an intelligent web. : .

Harvard

Akerkar R., Pawan L., . (2008). Building an intelligent web. : .

MLA

Akerkar Rajendra, Pawan Lingras, . Building an intelligent web. : . 2008.

  • Place hold
  • Print
  • Cite
  • Add to your cart (remove)
  • Save record
    BIBTEX Dublin Core MARCXML MARC (non-Unicode/MARC-8) MARC (Unicode/UTF-8) MARC (Unicode/UTF-8, Standard) MODS (XML) RIS
  • More searches
    Search for this title in:
    Other Libraries (WorldCat) Other Databases (Google Scholar) Online Stores (Bookfinder.com) Open Library (openlibrary.org)

Exporting to Dublin Core...

SOUTHVILLE LIBRARY

Southville International School and Colleges Library

1281 Tropical Ave. Cor. Luxembourg St., BF Homes International, Las Pinas City

Tel. No. 8256374 / 252358 Loc. 117/146

Powered by Koha